| 000 | 00745nam a2200253Ia 4500 | ||
|---|---|---|---|
| 003 | OSt | ||
| 005 | 20221005051531.0 | ||
| 006 | a|||||r|||| 00| 0 | ||
| 007 | ta | ||
| 008 | 221004b |||||||| |||| 00| 0 eng d | ||
| 020 |
_a9781350041639 (pbk) _cINR 899.00 |
||
| 024 | _a65205 | ||
| 037 |
_b59640, 18/12/2019, Segment Book Distributors _cTextual |
||
| 040 |
_aCRL _cCRL _beng |
||
| 041 |
_2eng _aeng |
||
| 082 | _aR3xN06:g, P6 | ||
| 100 | _aLevinas Emmanuel | ||
| 245 | 0 | _aEntre nous | |
| 260 |
_aLondon _bBloomsbury UK _c2006 |
||
| 300 |
_aix,230p. _ccm. |
||
| 650 | _aPHILOSOPHERS | ||
| 942 |
_hR3xN06:g, P6 _cTEXL _2cc |
||
| 999 |
_c958938 _d958938 |
||